Chaîne de mots - Maghreb - Statistiques

Statistiques générales
  • Ce quiz a été pris 11 509 fois
  • Le résultat moyen est 16 sur 30
Statistiques - réponses
Indice Réponse % Correct
Capitale nationale Alger
92%
Capitale nationale Rabat
90%
Capitale nationale Tunis
86%
Religion dominante Islam
80%
Détroit méditerranéen Gibraltar
78%
Région aride Sahara
76%
Marché, parfois couvert Souk
71%
Colon français en Algérie Pied-Noir
70%
Nom du roi actuel marocain Mohammed (VI)
65%
Chaîne de montagnes Atlas
63%
Monnaie utilisée dans 2 des 3 pays Dinar
63%
Animal national algérien Fennec
61%
On appelle à la prière depuis cette tour Minaret
57%
Ethnie berbère du désert Touareg
54%
Genre musical porté par Khaled Raï
53%
Monture d'Hannibal Éléphant
51%
Ethnie berbère montagnarde Kabyle
50%
Cité antique tunisienne Carthage
48%
En réponse à bonjour en arabe Aleykoum Salam
43%
Ile tunisienne Djerba
42%
Rappeur algérien derrière Suavemente Soolking
42%
Soldat algérien dans l'armée française Harki
41%
Comédien marocain (nom de famille) (Gad) Elmaleh
38%
Ville impériale marocaine Fès
37%
Région montagneuse du nord du Maroc Rif
37%
Ville littorale marocaine touristique Essaouira
21%
Agrume devant son nom à une ville du Maroc Tangerine
17%
Ville des massacres du 8 mai 1945 Sétif
14%
Premier roi du Maroc Idriss
9%
Proclamée par le front Polisario (initiales) R.A.S.D.
4%
Aucun quiz correspondant
Distribution des résultats
% des personnes avec chaque résultat
Percentile par nombre de réponses
Votre historique - résultats
Vous n’avez pas pris ce quiz